[Event "Western Pacific op"]
[Site "Los Angeles"]
[Date "2014.04.25"]
[Round "1"]
[White "Kretchetov, Alexandre"]
[Black "Gupta, Ankit"]
[Result "1-0"]
[WhiteElo "2278"]
[BlackElo "2162"]
[PlyCount "53"]
[EventDate "2014.04.25"]
[EventType "swiss"]
[EventRounds "5"]
[EventCountry "USA"]
[SourceTitle "CBM 160 Extra"]
[Source "ChessBase"]
[SourceDate "2014.07.01"]
[SourceVersion "1"]
[SourceVersionDate "2014.07.01"]
[SourceQuality "1"]

1. Nf3 d5 2. g3 c6 3. Bg2 Bf5 4. 0-0 h6 5. d3 Nf6 6. Nbd2 e6 7. Qe1 Be7 8. e4 Bh7 9. Qe2 0-0 10. Re1 Re8 11. e5 Nfd7 12. Nf1 c5 13. h4 Nc6 14. N1h2 c4 15. dxc4 Nb4 16. Nd4 Bc5 17. Nhf3 dxc4 18. a3 Nd5 19. Qxc4 Rc8 20. Qe2 Qb6 21. Rd1 f6 22. c4 fxe5 23. Nxe5 N5f6 24. Nxd7 Nxd7 25. Be3 e5 26. Nb5 Rcd8 27. Rd6 1-0

[Event "Los Angeles Metropolitan 15th"]
[Site "Los Angeles"]
[Date "2012.01.28"]
[Round "6"]
[White "Gupta, Ankit"]
[Black "Sevillano, Enrico"]
[Result "0-1"]
[WhiteElo "2175"]
[BlackElo "2490"]
[PlyCount "74"]
[EventDate "2012.01.25"]
[EventType "tourn"]
[EventRounds "9"]
[EventCountry "USA"]
[EventCategory "2"]
[SourceTitle "CBM 146 Extra"]
[Source "ChessBase"]
[SourceDate "2012.02.29"]
[SourceVersion "1"]
[SourceVersionDate "2012.02.29"]
[SourceQuality "1"]

1. e4 c5 2. Nf3 Nc6 3. d4 cxd4 4. Nxd4 Nf6 5. Nc3 e5 6. Ndb5 d6 7. Bg5 a6 8. Na3 b5 9. Nd5 Be7 10. Bxf6 Bxf6 11. c4 b4 12. Nc2 Rb8 13. b3 Be6 14. g3 Qd7 15. Qd3 Bd8 16. Bg2 0-0 17. 0-0 Qb7 18. h4 Bb6 19. Kh2 Bc5 20. Bh3 Qc8 21. Bg2 Kh8 22. Nce3 a5 23. Nf5 g6 24. Nfe7 Nxe7 25. Nxe7 Qd7 26. Nd5 f5 27. f4 fxe4 28. Bxe4 Bxd5 29. Bxd5 exf4 30. gxf4 Rbe8 31. Qd2 Re3 32. Qb2+ Rc3 33. Rf3 Qg4 34. Rxc3 Bd4 35. Qg2 Qxh4+ 36. Qh3 Qxf4+ 37. Qg3 bxc3 0-1

[Event "Los Angeles Metropolitan 7th"]
[Site "Los Angeles"]
[Date "2011.06.19"]
[Round "8"]
[White "Liou, Yian"]
[Black "Gupta, Ankit"]
[Result "1-0"]
[WhiteElo "2273"]
[BlackElo "2273"]
[PlyCount "111"]
[EventDate "2011.06.15"]
[EventType "tourn"]
[EventRounds "9"]
[EventCountry "USA"]
[EventCategory "2"]
[SourceTitle "CBM 143 Extra"]
[Source "ChessBase"]
[SourceDate "2011.08.29"]
[SourceVersion "1"]
[SourceVersionDate "2011.08.29"]
[SourceQuality "1"]

1. e4 c5 2. Nf3 d6 3. d4 cxd4 4. Nxd4 Nf6 5. Nc3 Nc6 6. Bg5 Bd7 7. Qd2 Rc8 8. 0-0-0 Nxd4 9. Qxd4 Qa5 10. Bd2 a6 11. Kb1 e5 12. Qd3 Ng4 13. Be1 Qc5 14. f3 Nf2 15. Bxf2 Qxf2 16. Nd5 Ba4 17. b3 Bc6 18. Ne3 Rd8 19. Be2 Be7 20. h4 Qg3 21. c4 Qg6 22. Nf5 Qf6 23. g4 0-0 24. g5 Qe6 25. Bf1 Qd7 26. Bh3 Qc7 27. Rhg1 b5 28. h5 g6 29. Ne3 Qb6 30. hxg6 fxg6 31. Be6+ Kg7 32. Qe2 Qb7 33. Nd5 bxc4 34. Nxe7 Qxe7 35. Bxc4 Bb5 36. Bxb5 axb5 37. Rd5 b4 38. Qd3 Rf4 39. Rb5 Qf8 40. Rb7+ Rf7 41. Rxf7+ Qxf7 42. Qe3 d5 43. exd5 Qxd5 44. Re1 Qd3+ 45. Qxd3 Rxd3 46. Re4 Rxf3 47. Rxb4 Kf7 48. Rb7+ Ke6 49. a4 Rf8 50. Rxh7 Kf5 51. Re7 e4 52. Kc2 Kf4 53. a5 Rc8+ 54. Kd2 Rd8+ 55. Kc3 e3 56. b4 1-0

[Event "Los Angeles Metropolitan 7th"]
[Site "Los Angeles"]
[Date "2011.06.18"]
[Round "7"]
[White "Gupta, Ankit"]
[Black "Taylor, Timothy"]
[Result "1/2-1/2"]
[WhiteElo "2273"]
[BlackElo "2296"]
[PlyCount "127"]
[EventDate "2011.06.15"]
[EventType "tourn"]
[EventRounds "9"]
[EventCountry "USA"]
[EventCategory "2"]
[SourceTitle "CBM 143 Extra"]
[Source "ChessBase"]
[SourceDate "2011.08.29"]
[SourceVersion "1"]
[SourceVersionDate "2011.08.29"]
[SourceQuality "1"]

1. c4 e6 2. g3 d5 3. Bg2 Nf6 4. Nf3 c5 5. cxd5 exd5 6. d4 Nc6 7. 0-0 Be7 8. Nc3 0-0 9. Be3 Ng4 10. Bf4 Be6 11. h3 Nf6 12. Rc1 Re8 13. dxc5 Bxc5 14. Ng5 Bb6 15. Nxe6 fxe6 16. Na4 Nh5 17. Nxb6 axb6 18. Be3 Rxa2 19. Qb3 Ra6 20. Qb5 Ra5 21. Qb3 b5 22. Rfd1 Nf6 23. Bc5 b6 24. Be3 Ne5 25. Bd2 Ra7 26. Qxb5 Nc4 27. Bc3 Nd6 28. Qd3 Rf7 29. Bxf6 Qxf6 30. Qd4 Nc4 31. Qxf6 gxf6 32. Rc2 f5 33. e4 fxe4 34. Bxe4 Ref8 35. Bg2 Kg7 36. Bf1 b5 37. Ra1 Rf3 38. Re1 R8f6 39. Rce2 Rb3 40. Rxe6 Rxb2 41. Re7+ Rf7 42. Rxf7+ Kxf7 43. Bg2 d4 44. Be4 Nd2 45. Bd5+ Kf8 46. f4 Nb1 47. Be4 Nc3 48. Bxh7 Ne2+ 49. Kf2 Nxf4+ 50. Kf3 Nxh3 51. Bf5 Ng5+ 52. Kf4 Nf7 53. Ke4 Rd2 54. Kd5 Nh6 55. Bd7 b4 56. Kc4 Rg2 57. Kxb4 Rxg3 58. Kc4 d3 59. Rd1 Nf7 60. Be6 Ne5+ 61. Kd4 Nf3+ 62. Ke3 Ke7 63. Kf2 Rg7 64. Kxf3 1/2-1/2

[Event "Los Angeles Metropolitan 7th"]
[Site "Los Angeles"]
[Date "2011.06.16"]
[Round "3"]
[White "Matikozian, Andranik"]
[Black "Gupta, Ankit"]
[Result "1/2-1/2"]
[WhiteElo "2458"]
[BlackElo "2273"]
[PlyCount "47"]
[EventDate "2011.06.15"]
[EventType "tourn"]
[EventRounds "9"]
[EventCountry "USA"]
[EventCategory "2"]
[SourceTitle "CBM 143 Extra"]
[Source "ChessBase"]
[SourceDate "2011.08.29"]
[SourceVersion "1"]
[SourceVersionDate "2011.08.29"]
[SourceQuality "1"]

1. e4 c6 2. d4 d5 3. f3 dxe4 4. fxe4 e5 5. Nf3 Bg4 6. Bc4 Nd7 7. 0-0 Ngf6 8. c3 b5 9. Bb3 Bd6 10. Bg5 Qc7 11. Qe1 0-0 12. Qh4 Bxf3 13. Rxf3 Qb6 14. Be3 Rae8 15. Bc2 b4 16. dxe5 Bc5 17. exf6 Bxe3+ 18. Kh1 g6 19. Bb3 Ne5 20. Rh3 h5 21. Rg3 Kh7 22. Nd2 Bxd2 23. Rf1 Bh6 24. Bd1 1/2-1/2

[Event "Berkeley op"]
[Site "Berkeley"]
[Date "2011.01.03"]
[Round "3"]
[White "Gupta, Ankit"]
[Black "Cornejo, Max"]
[Result "0-1"]
[WhiteElo "2258"]
[BlackElo "2413"]
[PlyCount "38"]
[EventDate "2011.01.02"]
[EventType "swiss"]
[EventRounds "10"]
[EventCountry "USA"]
[SourceTitle "CBM 140 Extra"]
[Source "ChessBase"]
[SourceDate "2011.03.01"]
[SourceVersion "1"]
[SourceVersionDate "2011.03.01"]
[SourceQuality "1"]

1. e4 c5 2. Nc3 Nc6 3. g3 g6 4. Bg2 Bg7 5. d3 e6 6. f4 Nge7 7. Be3 b6 8. e5 d5 9. exd6 Qxd6 10. Nf3 0-0 11. Qd2 Bb7 12. g4 Nd5 13. 0-0 Nxe3 14. Qxe3 Rad8 15. Qd2 c4 16. Ne4 Qd7 17. dxc4 Qxd2 18. Nfxd2 f5 19. Ng5 Rxd2 0-1

[Event "Berkeley op"]
[Site "Berkeley"]
[Date "2011.01.03"]
[Round "4"]
[White "Kleinman, Michael"]
[Black "Gupta, Ankit"]
[Result "1/2-1/2"]
[WhiteElo "2127"]
[BlackElo "2258"]
[PlyCount "91"]
[EventDate "2011.01.02"]
[EventType "swiss"]
[EventRounds "10"]
[EventCountry "USA"]
[SourceTitle "CBM 140 Extra"]
[Source "ChessBase"]
[SourceDate "2011.03.01"]
[SourceVersion "1"]
[SourceVersionDate "2011.03.01"]
[SourceQuality "1"]

1. e4 c5 2. Nf3 d6 3. d4 cxd4 4. Qxd4 Nc6 5. Bb5 Bd7 6. Qd3 g6 7. 0-0 Bg7 8. c4 Nf6 9. h3 a6 10. Bxc6 Bxc6 11. Nc3 0-0 12. Be3 a5 13. Bd4 Nd7 14. Bxg7 Kxg7 15. Rac1 f5 16. exf5 Bxf3 17. Qxf3 Rxf5 18. Qe3 Ne5 19. Rfd1 Qf8 20. b3 Qf7 21. Nd5 g5 22. Rc2 Rf8 23. Rdd2 Qe6 24. Qb6 g4 25. hxg4 Nxg4 26. Qd4+ Ne5 27. f4 Qh6 28. g3 Kh8 29. Rh2 Qg7 30. Kg2 Ng4 31. Qxg7+ Kxg7 32. Rh4 h5 33. Re2 e5 34. Ne7 R5f7 35. Rxh5 exf4 36. gxf4 Rxf4 37. Rxa5 Ne5 38. Re3 Rf2+ 39. Kg3 Rf1 40. Kg2 R8f2+ 41. Kh3 Rh1+ 42. Kg3 Rfh2 43. Nf5+ Kf6 44. Nxd6 Rh3+ 45. Kg2 R1h2+ 46. Kg1 1/2-1/2

[Event "Los Angeles Metropolitan 1st"]
[Site "Los Angeles"]
[Date "2010.11.20"]
[Round "7"]
[White "Gupta, Ankit"]
[Black "Taylor, Timothy"]
[Result "0-1"]
[WhiteElo "2235"]
[BlackElo "2317"]
[PlyCount "214"]
[EventDate "2010.11.12"]
[EventType "tourn"]
[EventRounds "9"]
[EventCountry "USA"]
[EventCategory "3"]
[SourceTitle "CBM 139 Extra"]
[Source "ChessBase"]
[SourceDate "2011.01.05"]
[SourceVersion "1"]
[SourceVersionDate "2011.01.05"]
[SourceQuality "1"]

1. e4 Nc6 2. Nf3 e5 3. Nc3 g6 4. d4 exd4 5. Nd5 Bg7 6. Bg5 Nce7 7. Nxd4 c6 8. Nc3 h6 9. Be3 Nf6 10. Be2 d5 11. exd5 Nfxd5 12. Nxd5 Nxd5 13. Qd2 Qe7 14. 0-0 Nxe3 15. Qxe3 Qxe3 16. fxe3 h5 17. Bc4 0-0 18. c3 Bd7 19. Rf2 b5 20. Bb3 c5 21. Nf3 c4 22. Bc2 Rae8 23. Re1 Bh6 24. e4 Re7 25. e5 Rfe8 26. Be4 a6 27. Bd5 Bf5 28. Bc6 Rc8 29. Nd4 Bd3 30. e6 fxe6 31. Bd5 Kh8 32. g3 e5 33. Nc6 Rxc6 34. Bxc6 e4 35. Rg2 e3 36. Bf3 Rf7 37. Bd5 Rf6 38. h3 Bf8 39. b3 Bc5 40. Kh2 cxb3 41. axb3 a5 42. b4 axb4 43. cxb4 Bb6 44. Bb3 g5 45. Bd1 h4 46. gxh4 gxh4 47. Be2 Bc7+ 48. Kg1 Be4 49. Rg4 Bg3 50. Ra1 Bc6 51. Ra6 Bf2+ 52. Kh2 Rd6 53. Ra2 Bg3+ 54. Kg1 Bd7 55. Rxg3 hxg3 56. Kg2 Rd4 57. Ra8+ Kg7 58. Ra7 Kf6 59. Kxg3 Ke5 60. Kf3 Bxh3 61. Bxb5 Rxb4 62. Bd3 Kd4 63. Be2 Bf5 64. Kf4 Be4 65. Rd7+ Bd5 66. Re7 Rb8 67. Re5 Rf8+ 68. Rf5 Re8 69. Rf6 Re4+ 70. Kg3 Kc3 71. Rd6 Rd4 72. Ra6 Kd2 73. Bf3 e2 74. Bxe2 Kxe2 75. Ra5 Ke3 76. Ra3+ Ke4 77. Rf3 Ke5 78. Re3+ Be4 79. Kg4 Rd8 80. Kg3 Rg8+ 81. Kf2 Kf4 82. Ra3 Rg2+ 83. Ke1 Rb2 84. Rc3 Ke5 85. Ra3 Rb1+ 86. Kf2 Kf4 87. Rf3+ Ke5 88. Ra3 Rh1 89. Rc3 Kd4 90. Rb3 Rh2+ 91. Kg3 Rg2+ 92. Kf4 Rf2+ 93. Kg3 Rf8 94. Rb2 Ke3 95. Rb3+ Bd3 96. Rb4 Rf1 97. Rb2 Rh1 98. Rf2 Be4 99. Rf8 Rg1+ 100. Kh4 Bf3 101. Rb8 Rg4+ 102. Kh3 Rg7 103. Kh4 Kf2 104. Rb2+ Be2 105. Rb8 Rg4+ 106. Kh3 Rd4 107. Rg8 Bf1+ 0-1

[Event "Southern California-ch"]
[Site "Los Angeles"]
[Date "2010.08.21"]
[Round "5"]
[White "Casella, Michael"]
[Black "Gupta, Ankit"]
[Result "1-0"]
[WhiteElo "2282"]
[BlackElo "2204"]
[PlyCount "149"]
[EventDate "2010.08.14"]
[EventType "tourn"]
[EventRounds "7"]
[EventCountry "USA"]
[EventCategory "2"]
[SourceTitle "CBM 138 Extra"]
[Source "ChessBase"]
[SourceDate "2010.10.29"]
[SourceVersion "1"]
[SourceVersionDate "2010.10.29"]
[SourceQuality "1"]

1. e4 c5 2. Nf3 d6 3. d4 cxd4 4. Nxd4 Nf6 5. Nc3 Nc6 6. Bg5 Bd7 7. Qd2 Rc8 8. f4 Nxd4 9. Qxd4 Qa5 10. e5 dxe5 11. fxe5 e6 12. 0-0-0 Bc6 13. Nb5 Bxb5 14. exf6 Bc6 15. h4 g6 16. Bc4 Bc5 17. Qg4 h5 18. Qg3 Be4 19. Rhe1 Bf5 20. Rd5 Qb6 21. Bf4 Bd4 22. Bb5+ Kf8 23. Bc7 exd5 24. Bxb6 axb6 25. Bd7 Rxc2+ 26. Kd1 Bxf6 27. Bxf5 Rxb2 28. Bd7 Rxa2 29. Re8+ Kg7 30. Rxh8 Ra1+ 31. Kc2 Kxh8 32. Qc7 Ra2+ 33. Kb3 Rb2+ 34. Ka3 Rxg2 35. Be8 Bxh4 36. Qxf7 Bf2 37. Qxd5 Bc5+ 38. Kb3 Rg3+ 39. Kc2 Kh7 40. Qf7+ Kh6 41. Qf4+ Rg5 42. Bf7 Be7 43. Bg8 b5 44. Kd3 Bc5 45. Be6 b6 46. Bg8 Ba3 47. Be6 Bc5 48. Bd7 Be7 49. Be8 b4 50. Kc4 Bc5 51. Bd7 Be7 52. Be6 Bc5 53. Bd5 Be7 54. Kb3 Bf6 55. Be6 Kg7 56. Qc7+ Kh6 57. Qf7 Rg3+ 58. Kxb4 Kg5 59. Qc7 h4 60. Qxb6 Be5 61. Qd8+ Bf6 62. Qd2+ Kh5 63. Kc4 Bg5 64. Qf2 Be3 65. Qf6 Bg1 66. Bd5 Rg4+ 67. Kd3 Rd4+ 68. Ke2 Rxd5 69. Qf3+ Kh6 70. Qxd5 h3 71. Qd2+ Kh5 72. Kf3 h2 73. Qg2 g5 74. Qh3+ Kg6 75. Kg4 1-0

[Event "Southern California-ch"]
[Site "Los Angeles"]
[Date "2010.08.21"]
[Round "6"]
[White "Gupta, Ankit"]
[Black "Taylor, Timothy"]
[Result "1-0"]
[WhiteElo "2204"]
[BlackElo "2327"]
[PlyCount "101"]
[EventDate "2010.08.14"]
[EventType "tourn"]
[EventRounds "7"]
[EventCountry "USA"]
[EventCategory "2"]
[SourceTitle "CBM 138 Extra"]
[Source "ChessBase"]
[SourceDate "2010.10.29"]
[SourceVersion "1"]
[SourceVersionDate "2010.10.29"]
[SourceQuality "1"]

1. e4 e5 2. f4 exf4 3. Nf3 d6 4. Nc3 h6 5. d4 g5 6. g3 g4 7. Nh4 f3 8. Be3 c6 9. Qd2 d5 10. 0-0-0 Be6 11. exd5 cxd5 12. h3 h5 13. Bg5 Qxg5 14. Qxg5 Bh6 15. Qxh6 Rxh6 16. Bd3 Nc6 17. Nf5 Rf6 18. Ng7+ Kf8 19. Nxh5 Rh6 20. hxg4 Bxg4 21. Nf4 Nxd4 22. Rxh6 Nxh6 23. Ncxd5 Ndf5 24. Bxf5 Bxf5 25. Rf1 Be4 26. Nf6 Bc6 27. N6d5 Rd8 28. c4 Ng4 29. Rxf3 Ne5 30. Ne6+ Ke8 31. Nxd8 Nxf3 32. Nxc6 bxc6 33. Ne3 Ke7 34. Kc2 Ke6 35. Kd3 f5 36. b4 Ke5 37. Nc2 f4 38. gxf4+ Kxf4 39. Nd4 Ne5+ 40. Kc3 Ke4 41. a4 a6 42. a5 Ke3 43. b5 cxb5 44. cxb5 axb5 45. a6 Nc4 46. Nxb5 Nb6 47. Kb4 Kd3 48. Kc5 Nd7+ 49. Kd6 Nb6 50. Kc6 Nc8 51. Kb7 1-0

[Event "Southern California-ch cand"]
[Site "Garden Grove"]
[Date "2010.06.20"]
[Round "3"]
[White "Casella, Michael"]
[Black "Gupta, Ankit"]
[Result "0-1"]
[WhiteElo "2279"]
[BlackElo "2141"]
[PlyCount "124"]
[EventDate "2010.06.19"]
[EventType "swiss"]
[EventRounds "4"]
[EventCountry "USA"]
[SourceTitle "EXT 2014"]
[Source "ChessBase"]
[SourceDate "2013.11.20"]
[SourceVersion "1"]
[SourceVersionDate "2013.11.20"]
[SourceQuality "1"]

1. e4 c5 2. Nf3 d6 3. d4 cxd4 4. Nxd4 Nf6 5. Nc3 a6 6. f4 e5 7. Nf3 Nbd7 8. a4 Be7 9. Bd3 0-0 10. 0-0 Nc5 11. Kh1 exf4 12. Bxf4 Bg4 13. Be3 Rc8 14. Qe1 Bh5 15. Nd4 Bg6 16. Nf5 Bxf5 17. Rxf5 Qb6 18. Rb1 Qb4 19. Qf1 Rfe8 20. Bg5 Qd4 21. Re1 Ncd7 22. h3 Ne5 23. Qe2 g6 24. Be3 Qb4 25. Rxf6 Nxd3 26. cxd3 Bxf6 27. Nd5 Qxb2 28. Qf3 Bg7 29. Rf1 f6 30. d4 Re6 31. Qg4 Rce8 32. e5 dxe5 33. Nc7 f5 34. Qf3 exd4 35. Qd5 dxe3 36. Nxe8 Qe5 37. Qb3 e2 38. Re1 Kf7 39. Nxg7 Kxg7 40. Qxb7+ Kh6 41. Qb4 Qg3 42. Qd2+ Qe3 43. Rxe2 Qxd2 44. Rxd2 Re4 45. a5 Re5 46. Ra2 f4 47. Kg1 Kg5 48. Kf2 Kf5 49. Ra3 g5 50. g3 fxg3+ 51. Kxg3 h5 52. Kf3 Rb5 53. Ke3 Ke5 54. Kf3 Kd4 55. Ra4+ Kc3 56. Kg3 Kb3 57. Re4 Rxa5 58. Re6 Kc4 59. Rh6 Ra3+ 60. Kg2 h4 61. Re6 Rg3+ 62. Kh2 a5 0-1

[Event "Western Pacific op 8th"]
[Site "Los Angeles"]
[Date "2010.04.23"]
[Round "1"]
[White "Gupta, Ankit"]
[Black "Khachiyan, Melikset"]
[Result "0-1"]
[WhiteElo "2099"]
[BlackElo "2542"]
[PlyCount "76"]
[EventDate "2010.04.23"]
[EventType "swiss"]
[EventRounds "5"]
[EventCountry "USA"]
[SourceTitle "EXT 2014"]
[Source "ChessBase"]
[SourceDate "2013.11.20"]
[SourceVersion "1"]
[SourceVersionDate "2013.11.20"]
[SourceQuality "1"]

1. d4 Nf6 2. c4 Nc6 3. Nf3 e6 4. a3 d6 5. Nc3 g6 6. Bf4 Bg7 7. e3 0-0 8. Be2 h6 9. Qc2 Nh5 10. Bg3 Nxg3 11. hxg3 Re8 12. 0-0 e5 13. d5 Ne7 14. b4 f5 15. Qb3 g5 16. c5 Ng6 17. e4 g4 18. Nd2 f4 19. Qd1 h5 20. Nc4 Bf8 21. cxd6 cxd6 22. Rc1 Re7 23. Nxd6 Qxd6 24. Nb5 Qd8 25. d6 Rg7 26. Qd5+ Kh8 27. Rc7 Bd7 28. Rxb7 Bxb5 29. Rxg7 Kxg7 30. Qxb5 Rb8 31. Qc5 Rb6 32. Qa5 Rxd6 33. Qxa7+ Rd7 34. Qa6 Rd2 35. Bc4 Qd4 36. gxf4 exf4 37. Qb7+ Kh6 38. Bf7 Rxf2 0-1

[Event "USA-chT Amateur West"]
[Site "Woodland Hills"]
[Date "2010.02.14"]
[Round "3"]
[White "Kurosaki, Takashi"]
[Black "Gupta, Ankit"]
[Result "1-0"]
[WhiteElo "2129"]
[BlackElo "2075"]
[PlyCount "81"]
[EventDate "2010.02.13"]
[EventType "team-swiss"]
[EventRounds "6"]
[EventCountry "USA"]
[SourceTitle "EXT 2014"]
[Source "ChessBase"]
[SourceDate "2013.11.20"]
[SourceVersion "1"]
[SourceVersionDate "2013.11.20"]
[SourceQuality "1"]

1. c4 e5 2. g3 Nc6 3. Bg2 g6 4. Nc3 Bg7 5. e4 d6 6. d3 Be6 7. Nge2 Nge7 8. Nd5 0-0 9. 0-0 f5 10. Be3 Qd7 11. Qd2 Nc8 12. Rac1 Nd8 13. exf5 Bxf5 14. d4 Rb8 15. Ndc3 Nc6 16. d5 Nb4 17. Ne4 Na6 18. N2c3 Nb6 19. b3 Rbe8 20. f3 h5 21. Rf2 Nc8 22. Rcf1 b6 23. Bh6 Nc5 24. Bxg7 Qxg7 25. b4 Nxe4 26. fxe4 Bd7 27. Qg5 Ne7 28. Nb5 Bxb5 29. cxb5 Kh7 30. Qc1 Rxf2 31. Rxf2 Ng8 32. Qf1 Re7 33. Bh3 Nh6 34. Be6 Ng4 35. Rf3 Qh8 36. h3 Nh6 37. g4 hxg4 38. hxg4 g5 39. Rf8 Qg7 40. Bf5+ Nxf5 41. Qxf5+ 1-0